00224nam a22001097a 4500082000900000100001600009245004300025260002400068300001000092600000600102650000600108 a b  aGopal Singh aA geography of India/cby Gopal Singh. a bAtma Ram,c1998. a568p. a  a